The extras : (Record no. 89665)

MARC details
000 -LEADER
fixed length control field 00818nam a22002417a 4500
005 - DATE AND TIME OF LATEST TRANSACTION
control field 20170810164934.0
010 ## - LCCN (DPL NO)
LC control number BAC-EN21 ENG-111997
020 ## - INTERNATIONAL STANDARD BOOK NUMBER
International Standard Book Number 9789350294246
Terms of availability 350.00
035 ## - SYSTEM CONTROL NUMBER
System control number EN-95529
035 ## - SYSTEM CONTROL NUMBER
System control number B-581629-639
035 ## - SYSTEM CONTROL NUMBER
System control number B-666160
037 ## - SOURCE OF ACQUISITION
Source of stock number/acquisition Pragati/Ven
Stock number dpl
037 ## - SOURCE OF ACQUISITION
Source of stock number/acquisition DBAD/PUB
082 ## - DEWEY DECIMAL CLASSIFICATION NUMBER
Classification number N
100 ## - MAIN ENTRY--PERSONAL NAME
Personal name Nagarkar, Kiran
245 ## - TITLE STATEMENT
Title The extras :
Remainder of title *ing Ravan & Eddie /
Statement of responsibility, etc by Kiran Nagarkar
260 ## - PUBLICATION, DISTRIBUTION, ETC. (IMPRINT)
Place of publication, distribution, etc Noida
Name of publisher, distributor, etc Fourth Estate
Date of publication, distribution, etc 2014
270 ## - ADDRESS
Address A-75, Sector 57
City Noida
Postal code 201301
300 ## - PHYSICAL DESCRIPTION
Extent 467p.
Dimensions 22cm(pbk)
942 ## - ADDED ENTRY ELEMENTS (KOHA)
Source of classification or shelving scheme Dewey Decimal Classification
Item type English Books
Call number suffix NAG
Classification part N
Holdings
Withdrawn status Lost status Not for loan Collection code Home library Current library Date acquired Source of acquisition Cost, normal purchase price Full call number Barcode Copy number Cost, replacement price Koha item type
      Fiction Ashok Vihar Ashok Vihar 10/08/2017 BPPD/EN/2014-15/AV/16-17/429/15.02.2017/562/28.02.2017/10.03.2017 350.00 N NAG B-666160 1 350.00 English Books
      Fiction Bawana Bawana 02/03/2015 Pragati Pub/50/17.12.2014/184/08.12.2014/30.12.2014 350.00 N NAG B-581638 1 350.00 English Books
      Fiction Central Library Central Library 02/03/2015 Pragati Pub/50/17.12.2014/184/08.12.2014/30.12.2014 350.00 N NAG B-581629 1 350.00 English Books
    Not For Loan Fiction D.B.Act.Division D.B.Act.Division 29/01/2015 DBAD / PUB 350.00 N NAG EN-95529 1 350.00 English Books
      Fiction Janak Puri Janak Puri 02/03/2015 Pragati Pub/50/17.12.2014/184/08.12.2014/30.12.2014 350.00 N NAG B-581633 1 350.00 English Books
      Fiction Karol Bagh Karol Bagh 02/03/2015 Pragati Pub/50/17.12.2014/184/08.12.2014/30.12.2014 350.00 N NAG B-581635 1 350.00 English Books
      Fiction Kasturba Gandhi Marg Kasturba Gandhi Marg 02/03/2015 Pragati Pub/50/17.12.2014/184/08.12.2014/30.12.2014 350.00 N NAG B-581631 1 350.00 English Books
      Fiction Narela Narela 02/03/2015 Pragati Pub/50/17.12.2014/184/08.12.2014/30.12.2014 350.00 N NAG B-581637 1 350.00 English Books
      Fiction New Rohtak Road New Rohtak Road 02/03/2015 Pragati Pub/50/17.12.2014/184/08.12.2014/30.12.2014 350.00 N NAG B-581636 1 350.00 English Books
      Fiction Patel Nagar Patel Nagar 02/03/2015 Pragati Pub/50/17.12.2014/184/08.12.2014/30.12.2014 350.00 N NAG B-581630 1 350.00 English Books
      Fiction Peshwa Road Peshwa Road 02/03/2015 Pragati Pub/50/17.12.2014/184/08.12.2014/30.12.2014 350.00 N NAG B-581632 1 350.00 English Books
      Fiction Sarojini Nagar Sarojini Nagar 02/03/2015 Pragati Pub/50/17.12.2014/184/08.12.2014/30.12.2014 350.00 N NAG B-581634 1 350.00 English Books
      Fiction Shahdara Branch Shahdara Branch 02/03/2015 Pragati Pub/50/17.12.2014/184/08.12.2014/30.12.2014 350.00 N NAG B-581639 1 350.00 English Books

© Delhi Public Library
Hit Counter
free hit counter